Eminent indians / (Record no. 156035)

MARC details
000 -LEADER
fixed length control field 00419nam a22001457a 4500
005 - DATE AND TIME OF LATEST TRANSACTION
control field 20180818143441.0
010 ## - LCCN (DPL NO)
LC control number A-712997
035 ## - SYSTEM CONTROL NUMBER
System control number A-712997
037 ## - SOURCE OF ACQUISITION
Source of stock number/acquisition BPPD/PUB
100 ## - MAIN ENTRY--PERSONAL NAME
Personal name Sharma, Shanker Dayal
245 ## - TITLE STATEMENT
Title Eminent indians /
Statement of responsibility, etc by Shanker Dayal Sharma
260 ## - PUBLICATION, DISTRIBUTION, ETC. (IMPRINT)
Place of publication, distribution, etc New Delhi
Name of publisher, distributor, etc Sterling publishers private limited
Date of publication, distribution, etc 1990
300 ## - PHYSICAL DESCRIPTION
Extent 106p.
Dimensions 20 cm (Hb)
942 ## - ADDED ENTRY ELEMENTS (KOHA)
Source of classification or shelving scheme Dewey Decimal Classification
Item type English Books
Classification part 080
Call number suffix SHA
Holdings
Withdrawn status Lost status Not for loan Collection code Home library Current library Date acquired Source of acquisition Cost, normal purchase price Full call number Barcode Cost, replacement price Koha item type
      Non-fiction Shahdara Branch Shahdara Branch 18/08/2018 BPPD/PUB 0.00 080 SHA A-712997 0.00 English Books

© Delhi Public Library
Hit Counter
free hit counter